ドイツ帝国の構成国 - Statistics

General Stats
  • This quiz has been taken 32 times
  • The average score is 5 of 26
Answer Stats
国号 Answer % Correct
王国 プロイセン
93%
王国 バイエルン
82%
王国 ザクセン
71%
自由都市 ハンブルク
43%
大公国 バーデン
36%
自由都市 ブレーメン
29%
大公国 ヘッセン
25%
王国 ヴュルテンベルク
18%
自由都市 リューベック
18%
公国 ブラウンシュヴァイク
14%
公国 アンハルト
11%
帝国直轄州 エルザス・ロートリンゲン
11%
大公国 オルデンブルク
7%
大公国 メクレンブルク・シュヴェリーン
4%
大公国 ザクセン・ヴァイマル・アイゼナハ
4%
大公国 メクレンブルク・シュトレーリッツ
4%
公国 ザクセン・マイニンゲン
4%
公国 ザクセン・アルテンブルク
4%
公国 ザクセン・コーブルク及びゴータ
0%
侯国 リッペ
0%
侯国 ヴァルデック
0%
侯国 シュヴァルツブルク・ルードルシュタット
0%
侯国 シュヴァルツブルク・ゾンダースハウゼン
0%
侯国 ロイス・ゲーラ
0%
侯国 シャウムブルク・リッペ
0%
侯国 ロイス・グライツ
0%
No matching quizzes found
Score Distribution
Percent of People with Each Score
Percentile by Number Answered
Your Score History
You have not taken this quiz